| 000 | 00594nac a22001691u 4500 | ||
|---|---|---|---|
| 008 | 080903s1950 ua|||||r||| 000 0 ara d | ||
| 082 |
_bغ ل ا _a182 _222 |
||
| 245 |
_aالفلسفة الإغريقية. ج1 / _cمحمد غلاب |
||
| 250 | _aط2 | ||
| 260 |
_aالقاهرة : _bمكتبة الأنجلو المصرية ، _c[1950] |
||
| 300 |
_a1 مج ؛ _c24 سم . |
||
| 504 | _aببليوجرافية: ص321-327 | ||
| 511 | _aCatalogued by: Sara | ||
| 541 |
_aألف باء ؛ _cاهداء؛ |
||
| 650 |
_aالفلسفة اليونانية _915854 |
||
| 942 |
_cBB _k182 غ ل ا _2ddc |
||
| 999 |
_c7047 _d7047 |
||